Statistical prediction analysis
Gespeichert in:
| Hauptverfasser: | , |
|---|---|
| Format: | Buch |
| Sprache: | Englisch |
| Veröffentlicht: |
Cambridge
Cambridge University
1975
|
| Schlagworte: | |
| Tags: |
Tag hinzufügen
Keine Tags, Fügen Sie den ersten Tag hinzu!
|
MARC
| LEADER | 00000nam a2200000 a 4500 | ||
|---|---|---|---|
| 001 | UCP2260 | ||
| 003 | CL-VaPUC | ||
| 008 | 990507e19750000uk |||||||||||||||||eng|d | ||
| 082 | 0 | 4 | |a 519.54 |b AIT |2 21 |
| 100 | 0 | |a Aitchison, John |e author |9 428856 | |
| 700 | 0 | |a Dunsmore, I. R |e author |9 428857 | |
| 245 | 1 | 0 | |a Statistical prediction analysis |
| 300 | |a 272 p | ||
| 942 | |c BK | ||
| 945 | |d 19990507 00:00:00 |a crobeson | ||
| 260 | |a Cambridge |b Cambridge University |c 1975 | ||
| 650 | 7 | |a PREDICCIONES |2 CL-VaPUC |9 260762 | |
| 650 | 0 | |a Inferencia estadística |9 312855 | |
| 650 | 0 | |a Análisis estadístico |9 269506 | |
| 650 | 7 | |a DISTRIBUCIONES |2 CL-VaPUC |9 373791 | |
| 583 | |a last modification |c 20190710 11:12:27 |k Rodrigo Vera | ||
| 999 | |c 280819 |d 280817 | ||
| 952 | |0 0 |1 0 |4 0 |6 519_540000000000000_AIT_1975 |7 0 |8 A |9 321329 |a BIBGIM |b BIBGIM |d 2019-11-20 |i 1345125 |o 519.54 AIT 1975 |p 1345125 |r 2025-01-15 |w 2019-11-20 |y BK |k EST | ||
| 952 | |0 0 |1 0 |4 0 |6 519_540000000000000_AIT_1975 |7 0 |8 A |9 321330 |a BIBGIM |b BIBGIM |d 2019-11-20 |i 1345133 |o 519.54 AIT 1975 |p 1345133 |r 2025-01-15 |w 2019-11-20 |y BK |k EST | ||
| 952 | |0 0 |1 0 |4 0 |6 519_540000000000000_AIT_1975 |7 0 |8 A |9 321331 |a BIBGIM |b BIBGIM |d 2019-11-20 |i 1345141 |o 519.54 AIT 1975 |p 1345141 |r 2025-01-15 |w 2019-11-20 |y BK |k EST | ||